00255nam a22000857a 4500008004100000082002000041245008600061260001400147300000800161230731b xxu||||| |||| 00| 0 eng d a354.6bPSC 1977 aReport on the Working of the Public Service Commission of Kenya for the Year 1977 bGOKc1977 a11p